| 000 | 00466nam a2200133Ia 4500 | ||
|---|---|---|---|
| 008 | 230917s9999||||xx |||||||||||||| ||und|| | ||
| 040 |
_e197517 _aMAIN |
||
| 041 | _aEnglish | ||
| 082 | _a370.153 V459C | ||
| 100 | _aVatsa, Gargi | ||
| 245 | 0 | _aComparative survey of 'study habbits' and 'Study Skills' of learners of conventional and distance learning system of higher education and its effect on their academic acheivements | |
| 300 | _a50 p. + 5 + 16 | ||
| 942 | _cTH | ||
| 999 |
_c87022 _d87022 |
||